000 00381nam a2200169Ia 4500
008 230516s1986 xx 000 0 und d
041 _aeng
082 _a615.4
_bCAR
100 _aCARTER S.J.
245 _aTUTORIAL PHARMACY
260 _bC.B.S. PUBLISHERS & DISTRUTORS
_c1986
300 _a472
365 _h13%
500 _aPB
520 _aPH
650 _aPHARMACEUTICS
999 _c362359
_d362359